00826cam a22002051 45000010008000000030004000080050017000120080041000290100017000700350019000870400025001060500018001311000025001492450159001742600095003333000049004286100049004776500042005266510052005688722757OSt20141006093151.0801114s1921 tnucf 000 0 eng  a 21011796  a(OCoLC)6937201 aDLCcTNJdOCoLCdDLC00aBV3625.K6bR41 aReeve, Thomas Ellis.10aIn Wembo-Nyama's land,ba story of the thrilling experiences in establishing the Methodist mission among the Atetela,cby the Reverend Thomas Ellis Reeve. aNashville, Tenn.,aDallas, Tex. [etc.]bPublishing House of the M.E. Church, South,c1921. a208 p.bfront. (group port.) plates.c20 cm.20aMethodist Episcopal Church, SouthxMissions. 0aMissionszCongo (Democratic Republic) 0aCongo (Democratic Republic)xSocial conditions.